Antígona
Saved in:
| Hovedforfatter: | |
|---|---|
| Format: | Bog |
| Sprog: | spansk |
| Udgivet: |
Santiago
Universitaria
2006
|
| Udgivelse: | 27a. ed |
| Serier: | Los Clásicos
|
| Fag: | |
| Tags: |
Tilføj Tag
Ingen Tags, Vær først til at tagge denne postø!
|
MARC
| LEADER | 00000cam a2200000 a 4500 | ||
|---|---|---|---|
| 001 | UCG3517 | ||
| 003 | CL-VaPUC | ||
| 008 | 100902e20060000CL |||||||||||||||||spa|d | ||
| 020 | |a 956111898X | ||
| 082 | 0 | 4 | |a 882 |b SOF |2 21 |
| 100 | |a Sófocles |e autor |9 269407 | ||
| 245 | 1 | 0 | |a Antígona |
| 250 | |a 27a. ed | ||
| 300 | |a 86 p | ||
| 942 | |c BK | ||
| 945 | |d 20100902 00:00:00 |a mfarfan | ||
| 260 | |a Santiago |b Universitaria |c 2006 | ||
| 650 | 0 | |a Tragedia griega |9 265362 | |
| 650 | 7 | |a LITERATURA GRIEGA |2 CL-VaPUC |9 258054 | |
| 650 | 7 | |a TEATRO GRIEGO |2 CL-VaPUC |9 552732 | |
| 583 | |a last modification |c 20170727 09:58:49 |k Rodrigo Vera | ||
| 490 | 0 | |a Los Clásicos | |
| 999 | |c 342585 |d 342583 | ||
| 952 | |0 0 |1 0 |4 0 |6 882_000000000000000_SOF_2006 |7 0 |8 A |9 438863 |a BIBHIS |b BIBHIS |d 2019-11-22 |i 470987K |o 882 SOF 2006 |p 470987K |r 2025-01-20 |w 2019-11-22 |y BK |k HIS | ||
| 952 | |0 0 |1 0 |3 erb |4 0 |6 882_000000000000000_SOF_2006 |7 0 |8 A |9 438864 |a BIBHIS |b BIBHIS |i 5411696 |o 882 SOF 2006 |p 5411696 |r 2025-01-20 |w 2019-11-22 |y BK |z Catalogado en:20170728 |k HIS | ||